Sports Quiz

Random Sports or NFL Quiz

NFL - Teams' Best Ever Draft Picks by Round - NFC Quiz Stats

Quiz not verified by Sporcle

Score 0/112 Timer 15:00
0 Plays Today
Team Player % Correct
CowboysEmmitt Smith
96.9%
PanthersSteve Smith
96.9%
EaglesDonovan McNabb
92.7%
PackersAaron Rodgers
92.7%
Lions Barry Sanders
92.2%
GiantsLawrence Taylor
91.7%
49ers Jerry Rice
90.1%
CardinalsLarry Fitzgerald
89.1%
49ers Joe Montana
88.5%
CardinalsLarry Wilson
88%
SeahawksRussell Wilson
88%
BearsWalter Payton
87%
BearsStan Jones
82.3%
SeahawksWalter Jones
82.3%
RedskinsDarrell Green
81.3%
CardinalsRoy Green
81.3%
VikingsFran Tarkenton
80.7%
PanthersJulius Peppers
80.2%
EaglesBrian Westbrook
79.7%
CowboysDanny White
79.7%
BuccaneersDerrick Brooks
78.1%
GiantsPerry Williams
75%
CardinalsAeneas Williams
75%
RamsIsaac Bruce
75%
GiantsMichael Strahan
72.9%
BearsMike Singletary
72.9%
FalconsKenny Johnson
71.9%
SeahawksRichard Sherman
69.8%
SaintsRickey Jackson
68.2%
SaintsMarques Colston
66.7%
PackersDonald Driver
64.6%
PanthersMuhsin Muhammad
63.5%
BuccaneersRonde Barber
61.5%
BearsLance Briggs
57.8%
CowboysHerschel Walker
55.2%
Lions Wayne Walker
55.2%
EaglesBrian Dawkins
52.6%
BuccaneersSteve Wilson
50.5%
Team Player % Correct
RamsMerlin Olsen
50.5%
BearsEd Brown
49%
FalconsRay Brown
49%
RedskinsCharles Mann
46.4%
EaglesWilbert Montgomery
46.4%
SeahawksChris Warren
45.3%
BuccaneersJames Wilder
44.8%
EaglesTrent Cole
43.2%
EaglesHarold Carmichael
42.2%
GiantsHarry Carson
40.6%
EaglesWilliam Thomas
39.1%
RedskinsDexter Manley
38.5%
VikingsCarl Eller
38%
SaintsPat Swilling
37.5%
FalconsMike Kenn
37%
SaintsJahri Evans
35.9%
PackersForrest Gregg
33.9%
FalconsWilliam Andrews
33.3%
PackersRay Nitschke
32.3%
SeahawksBrian Blades
32.3%
RamsJackie Slater
32.3%
CardinalsDan Dierdorf
31.3%
GiantsSam Huff
30.2%
PackersJerry Kramer
30.2%
PanthersGreg Hardy
28.6%
VikingsMatt Birk
27.1%
PackersMax McGee
26.6%
49ers Randy Cross
25.5%
CowboysMel Renfro
24.5%
CowboysRayfield Wright
24.5%
SeahawksJohn Harris
21.4%
GiantsDavid Diehl
20.8%
Lions Joe Schmidt
19.8%
Lions Lem Barney
19.3%
CardinalsConrad Dobler
18.8%
SaintsCarl Nicks
16.7%
49ers Steve Wallace
14.1%
VikingsBobby Bryant
13%
Team Player % Correct
PackersMarco Rivera
13%
CardinalsMel Gray
13%
VikingsMatt Blair
11.5%
Lions Yale Lary
11.5%
RedskinsJon Jansen
10.9%
CowboysTom Rafferty
9.4%
FalconsTodd McClure
8.3%
SeahawksMichael Sinclair
8.3%
49ers Don Griffin
8.3%
FalconsJustin Blalock
7.8%
BearsDoug Buffone
7.3%
SaintsStan Brock
7.3%
CowboysGeorge Andrie
5.7%
49ers Fred Quillan
5.7%
SaintsJohnnie Poe
5.2%
BuccaneersTony Mayberry
5.2%
VikingsRoy Winston
4.7%
VikingsEd Sharockman
4.7%
PanthersCaptain Munnerlyn
4.2%
RamsMike Guman
4.2%
Lions Gail Cogdill
3.6%
RedskinsRich Milot
3.1%
Lions Ed Flanagan
3.1%
RedskinsHarold McLinton
2.6%
GiantsGreg Larson
2.6%
RamsEddie Meador
2.6%
RedskinsVince Promuto
2.1%
PanthersFrank Garcia
2.1%
PanthersGeoff Hangartner
2.1%
BuccaneersChidi Ahanotu
2.1%
RamsCarl Ekern
2.1%
BearsJoe Fortunato
1.6%
FalconsKen Reaves
1.6%
BuccaneersCurt Jarvis
1.6%
49ers Len Rohde
1.6%
RamsCharlie Cowan
1%

You're not logged in!

Compare scores with friends on all Sporcle quizzes.
Sign Up with Email
OR
Log In

You Might Also Like...

Show Comments

Extras

Top Quizzes Today


Score Distribution

Your Account Isn't Verified!

In order to create a playlist on Sporcle, you need to verify the email address you used during registration. Go to your Sporcle Settings to finish the process.